00373nam a2200121 i 4500001000300000100001500003245005700018260002100075040000800096041000800104008004100112856009800153bg1 aPACI, Enzo 0aZwiązki i znaczenia :beseje wybrane /cEnzo Paci. aWarszawa,c1980. cBPK apol s pl f |000 0 pol  uhttp://koha.tu.koszalin.pl/cgi-bin/koha/opac-detail.pl?biblionumber=19711yKatalog online BPK